Eddy Mitchell en chansons # 19 - Statistiques

Statistiques générales
  • Ce quiz a été pris 272 fois
  • Le résultat moyen est 6 sur 17
Statistiques - réponses
Paroles Chansons % Correct
Elle était maquillée Comme une star de ciné Accoudée au juke-box Couleur menthe à l'eau
94%
Je viens vers toi, mais pas dans une Roll’s blanche,
Dans un costume un peu élimé aux manches.
J’ai le droit de me taire et d’fumer
En gardant mes menottes aux poignets
Sur la route de Memphis
84%
La lumière s'éteint déjà La salle est vide à pleurer Mon voisin détend ses bras Il s'en va boire un café La dernière séance
79%
Le pape a dit que l'acte d'amour Sans être marié, est un péché Cette nouvelle il me faut l'annoncer À ma paroisse, je suis curé Pas de boogie woogie
72%
Il écrase sa cigarette Puis repousse le cendrier Se dirige vers les toilettes La démarche mal assurée Il ne rentre pas ce soir
61%
Y faut m'garder Et m'emporter J'suis pas périssable J'suis bon à consommer Te presses pas tu as tout l'temps Le cimetière des éléphants
55%
Tes nuits blanches et même ton mouchoir Il est pire que moi tu l'sais bien Et j'suis déjà pas un saint Tu peux préparer le café noir
39%
le temps va s'arrêter Pour mieux nous oublier On s'promet une vie, sans blues Tout commence à Veracruz Rio Grande
31%
Boulevard Elvis Au coeur de Memphis Je traîne là, en touriste Mais où sont mes racines? Nashville ou Belleville
26%
J'ai trouvé l'air conditionné Dans l'automobile que j'ai louée La ceinture de sécurité Est en prime on me l'a donnée J'ai fait installer la radio A crédit et en stéréo
25%
J'en rajoute pas, j'en fais pas des tonnes Mais j'espère surtout que je n'oublie personne Lèche-botte blues
23%
Je suis né pour t'aimer et je serais toujours ainsi Tu restes la vie de ma vie Toujours un coin qui me rappelle
18%
Elle regarde le monde actuel Avec sa myopie jamais cruelle Comme dans ----------------------------- Un portrait de Norman Rockwell
15%
Les happy-end c'est que dans les films J'ai mal lu le scénario, j'suis peut-être pas le héros que t'imagines Mais il faut que tu reviennes jouer dans ma vie Mon walkman en solo n'amuse plus mon ego, j'ai grandi Comme quand j'étais môme
11%
Route légendaire Croisée des mystères Mais maintenant sans vie Dans l'oubli. Au bout du rêve La magie s'achève Sur la route 66
7%
Et tant pis s'il n'y a pas d'Amérique Tout mais ne pas rester Mais elle est trop fière pour mentir Meme à elle, à elle seule Oui, elle est trop jeune pour partir Pauvre baby doll
6%
----------------------------Car ce rêve inachevé Était beau Et bête à pleurer J'ai oublié de l'oublier
3%
Aucun quiz correspondant
Distribution des résultats
% des personnes avec chaque résultat
Percentile par nombre de réponses
Votre historique - résultats
Vous n’avez pas pris ce quiz